| 000 | 00622nam a22001697a 4500 | ||
|---|---|---|---|
| 008 | 151217b xxu||||| |||| 00| 0 eng d | ||
| 050 | _aBR 128.B8 M524 | ||
| 100 |
_aMellawa, Bennette _921368 |
||
| 245 |
_aBuddhist-Catholic dialogue in Sri Lanka in the context of the evangelizing mission of the church _c/ by Bennette Mellawa |
||
| 260 |
_aRome _bPontifica Universitas Urbaniana _c2002 |
||
| 300 | _a132p. | ||
| 500 | _aThesis | ||
| 650 |
_aChristianity _xRelations _xBuddhisim _921369 |
||
| 650 |
_aCatholic church in Sri Lanka _921370 |
||
| 650 |
_aBuddhisim _xRelations _xChristianity _921371 |
||
| 942 |
_2lcc _cMONOGRAPH |
||
| 999 |
_c123895 _d123895 |
||